UBT Library

Early experiences and early behavior : (Record no. 43008)

000 -LEADER
fixed length control field 00618cam a2200217 i 4500
001 - CONTROL NUMBER
control field 2281517
005 - DATE AND TIME OF LATEST TRANSACTION
control field 20180221040551.0
008 - FIXED-LENGTH DATA ELEMENTS--GENERAL INFORMATION
fixed length control field 790910s1980 nyua b 001 0 eng
010 ## - LIBRARY OF CONGRESS CONTROL NUMBER
LC control number 79021421
020 ## - INTERNATIONAL STANDARD BOOK NUMBER
International Standard Book Number 0126440808
040 ## - CATALOGING SOURCE
Original cataloging agency DLC
Transcribing agency DLC
Modifying agency DLC
-- WaU
041 ## - LANGUAGE CODE
Language code of text/sound track or separate title eng
080 ## - UNIVERSAL DECIMAL CLASSIFICATION NUMBER
Universal Decimal Classification number 301.1572
082 00 - DEWEY DECIMAL CLASSIFICATION NUMBER
Classification number 301.1572 SIM
100 ## - Rafti
Rafti 20
101 ## - Shkurtesa
Shkurtesa SHP
245 00 - TITLE STATEMENT
Title Early experiences and early behavior :
Statement of responsibility, etc edited by Edward C. Simmel.
504 ## - BIBLIOGRAPHY, ETC. NOTE
Bibliography, etc Includes bibliographies and indexes.
906 ## - LOCAL DATA ELEMENT F, LDF (RLIN)
a 7
b cbc
c orignew
d 1
e ocip
f 19
g y-gencatlg
942 ## - ADDED ENTRY ELEMENTS (KOHA)
Source of classification or shelving scheme
Item type Books
Holdings
Withdrawn status Lost status Source of classification or shelving scheme Damaged status Not for loan Collection code Permanent location Current location Shelving location Date acquired Total Checkouts Full call number Barcode Date last seen Price effective from Koha item type
          Koleksioni i përgjithshem UBT - Lipjan UBT - Lipjan Koleksioni i përgjithshem 02/21/2018   301.1572 SIM 002-2999824 02/21/2018 02/21/2018 Books
UBT Library © 2015-2024. All rights reserved University Education for Business and Technology